Vật lí nâng cao 12

محفوظ في:
التفاصيل البيبلوغرافية
المؤلف الرئيسي: Nguyễn, Thế Khôi
مؤلفون آخرون: Vũ, Thanh Khiết
التنسيق: كتاب
اللغة:Undetermined
منشور في: H. Giáo dục 2008
الموضوعات:
الوصول للمادة أونلاين:http://lrc.tdmu.edu.vn/opac/search/detail.asp?aID=2&ID=5455
الوسوم: إضافة وسم
لا توجد وسوم, كن أول من يضع وسما على هذه التسجيلة!
Thư viện lưu trữ: Trung tâm Học liệu Trường Đại học Thủ Dầu Một
LEADER 00649nam a2200205Ia 4500
001 TDMU_5455
008 210410s9999 xx 000 0 und d
082 |a 530.71 
090 |b NG527 
100 |a Nguyễn, Thế Khôi 
245 0 |a Vật lí nâng cao 12 
245 0 |c Nguyễn Thế Khôi 
260 |a H. 
260 |b Giáo dục 
260 |c 2008 
300 |a 328tr 
650 |a Sách lớp 12  |v Giáo khoa; Vật lý  |x Dạy và học 
700 |a Vũ, Thanh Khiết 
856 |u http://lrc.tdmu.edu.vn/opac/search/detail.asp?aID=2&ID=5455 
980 |a Trung tâm Học liệu Trường Đại học Thủ Dầu Một